00432 2200181 4500001002100000005001500021008004100036020002200077035001900099041000700118082000800125090001400133100002000147245001900167260002700186300002600213650001100239INLIS00000000000273820241224112607241224||||||||| | ||| |||| || |  a978-979-29-0290-7 0010-1224002738 aid0 a813 a813 ARL f0 aArleen Amidjaja00aForgotten Love aYogyakartabandic2008 aiv;140 hlm;13 x 19 cm 0aSastra